Overlapping Option Trivia VII Quiz Stats

 Plays Quiz Updated Oct 1, 2017

Challenge
Share
Tweet
Embed
Score 0/20 Timer 04:00
262 Plays Today
% Correct
James Monroe
83.7%
Charles Dickens
81.5%
Ringo Starr
80.2%
Rihanna
80%
Gary Oldman
76.7%
Charles Darwin
72.8%
Henry James
72.6%
Joe DiMaggio
72%
Nelson Mandela
71.6%
Isaac Newton
69.6%
% Correct
Arthur Miller
69.2%
Charles Bronson
68.9%
Charles de Gaulle
67.9%
Lady Gaga
64.6%
Marie Curie
62.2%
Steve McQueen
60.8%
Dr. Benjamin Spock
60.7%
Mark Twain
58.5%
Michael Caine
58%
Adele
55.5%

You're not logged in!

Compare scores with friends on all Sporcle quizzes.
Join for Free
OR
Log In

You Might Also Like...

Show Comments

Extras

Top Quizzes Today


Score Distribution

Your Account Isn't Verified!

In order to create a playlist on Sporcle, you need to verify the email address you used during registration. Go to your Sporcle Settings to finish the process.

Report this User

Report this user for behavior that violates our Community Guidelines.

Details: